Destin de la litterature négro-africaine ou problématique d´une culture

Guardado en:
Bibliografiske detaljer
Hovedforfatter: Kimoni, Iyay
Format: Bog
Sprog:Undetermined
Udgivet: Quebec, Canadá L´enseigne du livre 1975
Fag:
Tags: Tilføj Tag
Ingen Tags, Vær først til at tagge denne postø!

MARC

LEADER 00000nam a2200000Ia 4500
008 170316s9999 xx 000 0 und d
040 |a cru BVZT 
090 |a 818 K-3d 
100 |a Kimoni, Iyay 
245 |a Destin de la litterature négro-africaine ou problématique d´une culture 
260 |a Quebec, Canadá 
260 |b L´enseigne du livre 
260 |c 1975 
300 |a 273 páginas 
650 |a LITERATURA CANADIENSE 
999 |c 6486  |d 6486 
942 |c 15 D  |h 818 K-3d  |2 z